00376nam a22001337a 4500020001500000040000900015082001700024100002500041110004200066245003600108250001600144260004200160650004000202 a8129705818 cNUST a621.3815 BOG a Bogart, Theodore F. a Beasley, Jeffrey S Rico, Guillermo aElectronic Devices and Circuits a6th Edition aNEW DELHI:bPEARSON EDUCATION,c2004. aElectronic Apparatus and Appliances